Indonesia's top 500 non-financial major companies directory 2011.
| Format: | Book |
|---|---|
| Published: |
Jakarta:
Capricorn Indonesia Consult (CIC),
2011.
|
| Subjects: |
| LEADER | 00525cam a2200145 7i4500 | ||
|---|---|---|---|
| 001 | 0000028814 | ||
| 005 | 20130314090000.0 | ||
| 090 | 0 | 0 | |a INDO 338.7025 |b IND |
| 245 | 0 | 0 | |a Indonesia's top 500 non-financial major companies directory 2011. |
| 260 | 0 | 0 | |a Jakarta: |b Capricorn Indonesia Consult (CIC), |c 2011. |
| 300 | # | # | |a 919 p. |
| 650 | 0 | 0 | |a Companies -- |x Directories -- |z Indonesia |
| 650 | 0 | 0 | |a Business enterprises -- |x Directories -- |z Indonesia |
| 651 | 0 | 0 | |a Indonesia |
| 999 | |a B000032211 |b Directories |c Countries |e Business Information Centre | ||